000 01064nam a2200265 a 4500
003 SISC
005 20170118154319.0
008 121029s19uu xx 00 eng d
020 _a9781422143308
050 _aHD 30.28
_b.Z66 2012
100 _aZook, Chris.
245 _aRepeatability :
_bbuild enduring businesses for a world of constant change /
_cChris Zook, James Allen.
260 _aBoston, Mass :
_bHarvard Business Review Press,
_c2012.
300 _a270 pages :
_billustrations ;
_c24 cm.
500 _aIncludes index.
520 _aIs constant reinvention the key to winning in fast-paced world? This title reveals a truth: successful companies that endure maintain a form of simplicity at their core. It equips companies to deal successfully with complexity, the silent killer of profitable growth
650 _aStrategic planning
650 _aBusiness planning
650 _aTechnological innovations
650 _aOrganizational change
650 _aPerformance
700 _aAllen, James.
942 _cBK
_2lcc
_kFOR
999 _c25356
_d25356